[Event "Linares ESP"]
[Site "Linares ESP"]
[Date "1994.??.??"]
[Round "12"]
[White "Beliavsky, Alexander G"]
[Black "Kasparov, Gary"]
[Result "1/2-1/2"]
[WhiteElo "2650"]
[BlackElo "2805"]
[PlyCount "77"]
[EventDate "1994.??.??"]
[Source "www.chesslib.no"]
[SourceDate "2004.05.04"]

1. d4 Nf6 2. c4 g6 3. g3 c5 4. Nf3 Bg7 5. Bg2 O-O 6. O-O d6 7. Nc3 Nc6 8. d5 Na5 9. Nd2 e5 10. b3 Bd7 11. Bb2 Ng4 12. h3 Nh6 13. e3 f5 14. f4 a6 15. Qc2 Bb5 16. Nd1 Rb8 17. Bc3 Re8 18. Rb1 Nf7 19. Nf2 exf4 20. exf4 Re3 21. Bxg7 Kxg7 22. Rfe1 Rxe1+ 23. Rxe1 Qf6 24. cxb5 axb5 25. b4 cxb4 26. Qc7 Qd8 27. Qxd8 Rxd8 28. Nd3 Rc8 29. Nxb4 Kf6 30. Kf2 Nd8 31. Bf1 Nf7 32. Re3 h6 33. Re1 g5 34. Re3 Rc7 35. h4 g4 36. Re1 Rc3 37. Re3 Rc1 38. Re1 Rc3 39. Re3 1/2-1/2

[Event "Melody Amber Blindfold Monaco"]
[Site "Monaco MNC"]
[Date "1995.??.??"]
[Round "?"]
[White "Nikolic, Predrag"]
[Black "Shirov, Alexei D"]
[Result "1/2-1/2"]
[WhiteElo "2645"]
[BlackElo "2710"]
[PlyCount "78"]
[EventDate "1995.??.??"]
[Source "www.chesslib.no"]
[SourceDate "2004.05.04"]

1. d4 Nf6 2. c4 g6 3. Nf3 Bg7 4. g3 O-O 5. Bg2 d6 6. O-O Nc6 7. Nc3 a6 8. d5 Na5 9. Nd2 c5 10. Qc2 Rb8 11. Rb1 b5 12. b3 e5 13. cxb5 axb5 14. b4 cxb4 15. Rxb4 Bf5 16. e4 Bd7 17. Qb1 Qe8 18. Qd3 Qc8 19. Ba3 Qa6 20. Rfb1 Nb7 21. R4b3 Na5 22. Rb4 Nb7 23. R4b3 Na5 24. R3b2 Nc4 25. Qf3 Ra8 26. Nb3 Rac8 27. Bb4 Ne8 28. Qh5 f6 29. Ne2 gxh5 30. Rf1 Qa8 31. Na5 Nxa5 32. f3 Rc2 33. Nd4 Bc6 34. Ra1 Qb8 35. Nxb5 Qa8 36. Rbb1 Nc7 37. Rb3 Rxg2+ 38. Kxg2 Nxb3 39. Ba5 Nxd5 1/2-1/2

[Event "Espana 83/555"]
[Site "?"]
[Date "2001.??.??"]
[Round "?"]
[White "Marin, Mihail"]
[Black "Shirov, A."]
[Result "0-1"]
[WhiteElo "2561"]
[BlackElo "2706"]
[PlyCount "90"]
[EventDate "2001.??.??"]
[Source "Chess Informant"]
[SourceDate "2001.10.01"]

1. d4 Nf6 2. Nf3 g6 3. c4 Bg7 4. g3 O-O 5. Bg2 d6 6. O-O Nc6 7. Nc3 a6 8. d5 Na5 9. Nd2 c5 10. Qc2 Rb8 11. b3 b5 12. Bb2 e5 13. Rae1 Nd7 14. Nd1 f5 15. f4 e4 16. Bxg7 Kxg7 17. Qc3+ Kf7 18. g4 Nf6 19. Nf2 b4 20. Qg3 Qe7 21. e3 Nb7 22. Qh4 Ke8 23. g5 Nh5 24. Ndxe4 fxe4 25. Bxe4 Kd8 26. Bf3 Kc7 27. Bxh5 gxh5 28. Qxh5 Bd7 29. Nh1 Qg7 30. Ng3 a5 31. Qd1 h6 32. gxh6 Qxh6 33. Qd2 Rf7 34. Rf2 Rbf8 35. e4 Qh4 36. f5 Rg7 37. Qb2 Re7 38. Ree2 Rg8 39. Rg2 Re5 40. a4 Nd8 41. Re3 Nf7 42. Qe2 Rg4 43. Qc2 Ng5 44. Rge2 Rf4 45. Kh1 Be8 0-1

[Event "Israel 81/452"]
[Site "?"]
[Date "2001.??.??"]
[Round "?"]
[White "Psakhis, L."]
[Black "Avrukh, B."]
[Result "1-0"]
[WhiteElo "2575"]
[BlackElo "2600"]
[PlyCount "87"]
[EventDate "2001.??.??"]
[Source "Chess Informant"]
[SourceDate "2001.02.01"]

1. Nf3 Nf6 2. c4 g6 3. g3 Bg7 4. Bg2 O-O 5. O-O d6 6. d4 Nc6 7. Nc3 a6 8. d5 Na5 9. Nd2 c5 10. Qc2 Rb8 11. b3 b5 12. Bb2 bxc4 13. bxc4 Bh6 14. Ncb1 Bd7 15. Bc3 e5 16. Na3 Rb4 17. Bxb4 cxb4 18. Nab1 Qc7 19. e3 Rc8 20. a3 b3 21. Nxb3 Ba4 22. N1d2 Nxb3 23. Nxb3 Rb8 24. Rab1 Qb6 25. Rb2 Ng4 26. Qe2 Nxe3 27. fxe3 Bxb3 28. Rfb1 Bxe3+ 29. Kh1 Bd4 30. c5 Bxc5 31. Qd3 Bc4 32. Rxb6 Rxb6 33. Qd1 Rxb1 34. Qxb1 Bxa3 35. Qb8+ Kg7 36. Qb7 Bc5 37. g4 Bd3 38. g5 a5 39. h4 a4 40. Bh3 Kf8 41. Qa8+ Kg7 42. Qxa4 h6 43. Be6 hxg5 44. hxg5 1-0

[Event "Linares NL"]
[Site "Linares ESP"]
[Date "1994.??.??"]
[Round "11"]
[White "Morovic Fernandez, Ivan E"]
[Black "Zapata, Alonso"]
[Result "1-0"]
[WhiteElo "2605"]
[BlackElo "2535"]
[PlyCount "61"]
[EventDate "1994.09.??"]
[Source "www.chesslib.no"]
[SourceDate "2004.05.04"]

1. d4 Nf6 2. c4 g6 3. g3 Bg7 4. Bg2 O-O 5. Nf3 c5 6. O-O Nc6 7. d5 Na5 8. Nfd2 d6 9. Nc3 a6 10. Qc2 Rb8 11. b3 b5 12. Rb1 e6 13. Bb2 bxc4 14. bxc4 exd5 15. Nxd5 Bf5 16. e4 Rxb2 17. Rxb2 Nxd5 18. cxd5 Bxb2 19. Qxb2 Bd7 20. Qc3 Qc7 21. e5 dxe5 22. d6 Qd8 23. Qxc5 Be6 24. Bd5 Re8 25. Rc1 Kg7 26. Rc3 Bd7 27. Qa7 Be6 28. Bxe6 Rxe6 29. Ne4 Qe8 30. d7 Qf8 31. Qc7 1-0

[Event "9"]
[Site "9 Havana"]
[Date "1971.??.??"]
[Round "?"]
[White "Geller, Efim P"]
[Black "Velimirovic, Dragoljub"]
[Result "1-0"]
[WhiteElo "2630"]
[BlackElo "2490"]
[PlyCount "99"]
[EventDate "1971.??.??"]
[Source "www.chesslib.no"]
[SourceDate "2004.05.04"]

1. Nf3 Nf6 2. d4 g6 3. c4 Bg7 4. g3 O-O 5. Bg2 d6 6. O-O c5 7. Nc3 Nc6 8. d5 Na5 9. Nd2 e5 10. e4 Ng4 11. b3 f5 12. exf5 e4 13. f6 Nxf6 14. Ndxe4 Nxe4 15. Nxe4 Bxa1 16. Bg5 Bf6 17. Nxf6+ Rxf6 18. Qa1 Kf7 19. Re1 Rb8 20. Re3 b6 21. Rf3 Bf5 22. g4 Qh8 23. Bxf6 Qxf6 24. Qxf6+ Kxf6 25. gxf5 gxf5 26. Re3 Nb7 27. Re6+ Kf7 28. Bf3 Rg8+ 29. Kf1 Kf8 30. Bh5 Rg5 31. Re8+ Kg7 32. Re7+ Kh6 33. Rxb7 Rxh5 34. Rxa7 Rxh2 35. Rd7 Kg5 36. Rxd6 Kf4 37. Ke2 b5 38. cxb5 Ke5 39. Rd7 h5 40. a3 Rh3 41. f3 Kd4 42. b6 Rh2+ 43. Kf1 Rh1+ 44. Kf2 Rh2+ 45. Kg3 Rb2 46. b7 Rxb3 47. a4 c4 48. a5 c3 49. a6 c2 50. Rc7 1-0

[Event "HUN-ch"]
[Site "Budapest"]
[Date "1971.??.??"]
[Round "16"]
[White "Portisch, Lajos"]
[Black "Forintos, Gyozo V"]
[Result "1-0"]
[WhiteElo "2630"]
[BlackElo "2485"]
[PlyCount "125"]
[EventDate "1971.??.??"]
[Source "ChessBase"]

1. c4 g6 2. d4 Nf6 3. Nf3 Bg7 4. g3 c5 5. Bg2 O-O 6. Nc3 Nc6 7. O-O d6 8. d5 Na5 9. Nd2 a6 10. Qc2 Rb8 11. b3 b5 12. Bb2 e5 13. Nd1 Bh6 14. cxb5 axb5 15. Bc1 Ba6 16. a3 Rc8 17. Ne3 Bb7 18. Ne4 Nxe4 19. Bxe4 f5 20. Bg2 f4 21. Nd1 c4 22. bxc4 Rxc4 23. Qb1 Qb6 24. Bd2 Rfc8 25. Ra2 Rd4 26. e3 fxe3 27. Bxe3 Bxe3 28. fxe3 Rxd5 29. Bxd5+ Bxd5 30. Raf2 Nb3 31. Qd3 Bc4 32. Qc3 Nc5 33. Qc2 Ra8 34. Nc3 Nd3 35. Rf3 Rxa3 36. Ne4 Kg7 37. Ng5 Ra7 38. Rb1 Qc5 39. Qxd3 Bxd3 40. Ne6+ Kh6 41. g4 g5 42. Rf6+ Bg6 43. Nxc5 dxc5 44. Rxb5 Ra1+ 45. Kf2 Ra2+ 46. Kg3 Ra3 47. Kf3 e4+ 48. Kf2 Ra2+ 49. Kg3 Ra3 50. h4 gxh4+ 51. Kxh4 Kg7 52. Rc6 Rxe3 53. Rb7+ Bf7 54. Rxc5 Rf3 55. Rg5+ Kf8 56. Rb8+ Ke7 57. Re5+ Kf6 58. Rxe4 h6 59. Rb5 Kg6 60. Re7 Rf6 61. Rf5 Be6 62. Rxf6+ Kxf6 63. Rxe6+ 1-0

[Event "CCOL11 prel4-01 8792"]
[Site "CCOL11 prel4-01 8792"]
[Date "1987.??.??"]
[Round "?"]
[White "O Duill, Anthony Francis"]
[Black "Garriga Nualart, Josep"]
[Result "1-0"]
[WhiteElo "2560"]
[BlackElo "2550"]
[PlyCount "61"]
[EventDate "1987.??.??"]
[Source "www.chesslib.no"]
[SourceDate "2004.05.04"]

1. d4 Nf6 2. c4 g6 3. Nc3 Bg7 4. g3 O-O 5. Bg2 d6 6. Nf3 Nc6 7. O-O a6 8. d5 Na5 9. Nd2 c5 10. Qc2 Rb8 11. b3 b5 12. Bb2 bxc4 13. bxc4 Bh6 14. f4 e5 15. dxe6 fxe6 16. Rab1 Bg7 17. Nce4 Rxb2 18. Rxb2 Ng4 19. Rbb1 Bd4+ 20. Kh1 Ne3 21. Qc1 Bb7 22. Bf3 Bxe4 23. Bxe4 d5 24. cxd5 exd5 25. Bf3 Nac4 26. Nb3 Nxf1 27. Qxf1 Ne3 28. Qc1 Qf6 29. Nxd4 cxd4 30. Qc5 Qg7 31. Rb6 1-0

[Event "Cesko"]
[Site "?"]
[Date "1996.??.??"]
[Round "?"]
[White "Stohl, I."]
[Black "Babula, Vlastimil"]
[Result "1-0"]
[WhiteElo "2560"]
[BlackElo "2545"]
[PlyCount "107"]
[EventDate "1996.??.??"]
[Source "ChessBase"]
[SourceDate "1996.10.01"]

1. c4 Nf6 2. g3 g6 3. Bg2 Bg7 4. Nc3 O-O 5. d4 d6 6. Nf3 Nc6 7. O-O a6 8. d5 Na5 9. Nd2 c5 10. Qc2 Rb8 11. b3 b5 12. Bb2 bxc4 13. bxc4 Bh6 14. f4 e5 15. dxe6 Bxe6 16. Nd5 Rxb2 17. Qxb2 Bg7 18. Qc1 Bxd5 19. Bxd5 Nxd5 20. cxd5 Bd4+ 21. Kh1 Qa8 22. e4 f5 23. Rb1 fxe4 24. Nxe4 Qxd5 25. Qc2 Nc4 26. Rfe1 Ne3 27. Qb3 c4 28. Qb7 Qxb7 29. Rxb7 Rc8 30. Nxd6 Rc6 31. Rd7 c3 32. Rd8+ Kg7 33. Ne8+ Kh6 34. Rxd4 Nc2 35. Rdd1 Nxe1 36. Rxe1 c2 37. Rc1 g5 38. f5 g4 39. Kg2 Kg5 40. Ng7 Kf6 41. Ne6 Rc4 42. Kf1 h5 43. Ke2 h4 44. Kd3 Ra4 45. Nd4 hxg3 46. hxg3 Ra3+ 47. Ke4 Rxg3 48. Rxc2 Ra3 49. Kf4 g3 50. Rd2 a5 51. Nb3 Ra4+ 52. Kxg3 Kxf5 53. Rd5+ Ke6 54. Rxa5 1-0

[Event "32. olm"]
[Site "32nd olm Yerevan"]
[Date "1996.??.??"]
[Round "13"]
[White "Dizdar, Goran"]
[Black "Lputian, Smbat G"]
[Result "1/2-1/2"]
[WhiteElo "2525"]
[BlackElo "2580"]
[PlyCount "91"]
[EventDate "1996.??.??"]
[Source "www.chesslib.no"]
[SourceDate "2004.05.04"]

1. c4 Nf6 2. Nf3 g6 3. g3 Bg7 4. Bg2 O-O 5. d4 d6 6. O-O a6 7. Nc3 Nc6 8. d5 Na5 9. Nd2 c5 10. Rb1 Rb8 11. b3 b5 12. Bb2 bxc4 13. bxc4 Bh6 14. Ba1 Bf5 15. e4 Bg4 16. f3 Be3+ 17. Kh1 Bd7 18. Nb3 Nxb3 19. axb3 Bd4 20. Ne2 Bxa1 21. Rxa1 a5 22. Nf4 Qb6 23. Ra3 Rb7 24. Rf2 Rfb8 25. Bf1 Qc7 26. Bd3 Rb4 27. Bc2 a4 28. Nd3 axb3 29. Nxb4 cxb4 30. Rxb3 Qxc4 31. Rb1 Qc5 32. Rd2 Nxe4 33. Bd3 e5 34. Bc4 Qb5 35. Qa4 Qb7 36. Qb5 Rf8 37. Qa5 Qb6 38. Rg1 Nc5 39. Ba6 Bb5 40. Rd3 b3 41. Qa1 Bd7 42. Bb5 Qc6 43. Qf1 Qa8 44. Qf2 Qe8 45. Qe3 Bh3 46. Qf2 1/2-1/2

[Event "Romania (ch)"]
[Site "?"]
[Date "1999.??.??"]
[Round "?"]
[White "Istratescu, A."]
[Black "Nevednichy, V."]
[Result "1-0"]
[WhiteElo "2570"]
[BlackElo "2535"]
[PlyCount "115"]
[EventDate "1999.??.??"]
[Source "Chess Informant"]
[SourceDate "1999.10.01"]

1. Nf3 Nf6 2. c4 g6 3. Nc3 Bg7 4. g3 O-O 5. Bg2 d6 6. d4 Nc6 7. O-O a6 8. d5 Na5 9. Nd2 c5 10. Qc2 b5 11. cxb5 axb5 12. Nxb5 Bb7 13. Nc3 Ra6 14. Rd1 Qa8 15. Nf1 Rb6 16. Rb1 Rb8 17. Ne3 Rb4 18. Bd2 Nc4 19. Nxc4 Rxc4 20. b3 Rb4 21. a4 c4 22. bxc4 Rxc4 23. Qb3 Rcc8 24. Be1 e6 25. Qa2 exd5 26. a5 h5 27. Na4 Qa7 28. Nb6 Re8 29. Bc3 Ng4 30. Bxg7 Kxg7 31. h3 Nf6 32. e3 Re5 33. Rdc1 Ba6 34. Nxd5 Rxb1 35. Rxb1 Qc5 36. Nxf6 Kxf6 37. Qb2 g5 38. Rc1 Qb5 39. Qxb5 Rxb5 40. Ra1 Rc5 41. Bf1 Rc6 42. Bxa6 Rxa6 43. Kf1 Ke5 44. Ke2 f5 45. f4+ gxf4 46. gxf4+ Kd5 47. Kd3 h4 48. Ra3 Kc5 49. Kc3 Kd5 50. Kb4 Ra8 51. a6 Ke4 52. Kb5 d5 53. Kb6 d4 54. exd4 Kxf4 55. a7 Ke4 56. Kb7 Rxa7+ 57. Rxa7 f4 58. Kc6 1-0

[Event "Luzern ol (Men)"]
[Site "Lucerne SUI"]
[Date "1982.??.??"]
[Round "7"]
[White "Smejkal, Jan"]
[Black "Gligoric, Svetozar"]
[Result "1/2-1/2"]
[WhiteElo "2570"]
[BlackElo "2535"]
[PlyCount "91"]
[EventDate "1982.10.??"]
[Source "www.chesslib.no"]
[SourceDate "2004.05.04"]

1. c4 c5 2. Nf3 Nf6 3. g3 g6 4. Bg2 Bg7 5. O-O O-O 6. d4 Nc6 7. Nc3 d6 8. d5 Na5 9. Nd2 e5 10. e4 Ng4 11. b3 b6 12. Bb2 f5 13. exf5 gxf5 14. Qc2 Bd7 15. Rae1 Qg5 16. h3 Nh6 17. Nd1 Rae8 18. Nf3 Qh5 19. Nh2 Nf7 20. f4 Qh6 21. Ne3 exf4 22. gxf4 Bxb2 23. Qxb2 Nh8 24. Qf2 Ng6 25. Qg3 Nb7 26. Rf2 Nd8 27. Bf1 Re4 28. Neg4 Qh4 29. Qxh4 Nxh4 30. Rxe4 fxe4 31. Ne3 Nf7 32. Bg2 Nh6 33. Nhg4 Kg7 34. Bxe4 Nxg4 35. hxg4 Re8 36. Nf5+ Nxf5 37. Bxf5 Re1+ 38. Kh2 Bxf5 39. gxf5 Kf6 40. Kg3 Re3+ 41. Kg4 h5+ 42. Kxh5 Kxf5 43. Kh6 Kf6 44. Kh5 Kf5 45. Kh6 Kf6 46. Kh5 1/2-1/2

[Event "Cullera op 23rd"]
[Site "Valencia"]
[Date "2002.07.25"]
[Round "8.1"]
[White "Marin, Mihail"]
[Black "Hernandez, Gilberto"]
[Result "1/2-1/2"]
[WhiteElo "2548"]
[BlackElo "2552"]
[PlyCount "27"]
[EventDate "2002.07.18"]
[Source "ChessBase"]
[SourceDate "2002.09.11"]

1. c4 g6 2. Nf3 Bg7 3. d4 Nf6 4. g3 O-O 5. Bg2 d6 6. O-O a6 7. Nc3 Nc6 8. d5 Na5 9. Nd2 c5 10. Qc2 Rb8 11. b3 b5 12. Bb2 e5 13. Rae1 Ng4 14. Nd1 1/2-1/2

[Event "Moscow"]
[Site "?"]
[Date "2004.??.??"]
[Round "?"]
[White "Minasian, Ara"]
[Black "Fedorov, Alex"]
[Result "0-1"]
[WhiteElo "2495"]
[BlackElo "2600"]
[PlyCount "120"]
[EventDate "2004.??.??"]
[Source "Chess Informant"]
[SourceDate "2004.02.01"]

1. d4 Nf6 2. Nf3 g6 3. g3 Bg7 4. Bg2 O-O 5. O-O d6 6. c4 Nc6 7. Nc3 a6 8. d5 Na5 9. Nd2 c5 10. Rb1 Bf5 11. e4 Bd7 12. b3 e5 13. Bb2 h5 14. a3 b6 15. b4 Nb7 16. Qe2 h4 17. Nd1 cxb4 18. axb4 a5 19. Ba3 axb4 20. Bxb4 Nc5 21. Nc3 Bh6 22. Nb5 Qe7 23. Nb3 Bg4 24. Qc2 h3 25. Bh1 Nh5 26. Nxc5 bxc5 27. Bd2 Bxd2 28. Qxd2 Ra4 29. Rfc1 Rfa8 30. Qe3 Qf6 31. Nc7 Rc8 32. Nb5 Kh7 33. f3 Bd7 34. Rb2 g5 35. Qe2 Rca8 36. Nc3 Ra3 37. Nd1 g4 38. Rc3 Qg5 39. Qd2 Qxd2 40. Rxd2 Rxc3 41. Nxc3 Ra3 42. Nd1 Ba4 43. Kf2 Bxd1 44. Rxd1 Ra2+ 45. Kg1 Nf6 46. Re1 Kg6 47. fxg4 Rc2 48. Bf3 Kg5 49. Ra1 Nxg4 50. Bxg4 Kxg4 51. Rf1 Rg2+ 52. Kh1 Re2 53. Kg1 Rxe4 54. Rxf7 Rxc4 55. Rf6 Rc2 56. Rxd6 Rg2+ 57. Kh1 Rd2 58. Kg1 c4 59. Rc6 Kf3 60. Rf6+ Ke3 0-1

[Event "Chebanenco mem 1st"]
[Site "Kishinev"]
[Date "1998.02.15"]
[Round "7"]
[White "Rogozenko, Dorian"]
[Black "Fedorov, Alexei"]
[Result "1/2-1/2"]
[WhiteElo "2495"]
[BlackElo "2595"]
[PlyCount "139"]
[EventDate "1998.02.09"]
[Source "ChessBase"]
[SourceDate "1998.06.15"]

1. d4 Nf6 2. c4 g6 3. g3 Bg7 4. Bg2 O-O 5. Nc3 c5 6. Nf3 Nc6 7. O-O d6 8. d5 Na5 9. Nd2 a6 10. Qc2 Rb8 11. b3 b5 12. Rb1 h5 13. Bb2 h4 14. Nce4 Bf5 15. Nxf6+ Bxf6 16. e4 Bd7 17. cxb5 axb5 18. e5 Bxe5 19. Bxe5 dxe5 20. Qxc5 h3 21. Bh1 Bf5 22. Rbc1 f6 23. Qb4 Nb7 24. Qxb5 Nd6 25. Qe2 Nb5 26. Be4 Nd4 27. Qe3 Qa5 28. Rc4 Bxe4 29. Nxe4 Qxa2 30. d6 exd6 31. Qh6 Qa7 32. Qxg6+ Qg7 33. Qxg7+ Kxg7 34. Nxd6 Rfd8 35. Ne4 Rxb3 36. Nc5 Nf3+ 37. Kh1 Rb6 38. Ra4 Rd2 39. Ne4 Rdb2 40. Ra3 Rb1 41. Ra1 Rxf1+ 42. Rxf1 f5 43. Nc3 Rb2 44. Nd1 Rd2 45. Ne3 Kg6 46. Nd1 e4 47. Ne3 Kg5 48. Nd1 Kf6 49. Ne3 Ke6 50. Nd1 Rc2 51. Ne3 Ra2 52. Nd1 Nd2 53. Rg1 Nc4 54. g4 Rc2 55. gxf5+ Kxf5 56. Ne3+ Nxe3 57. fxe3 Re2 58. Rf1+ Ke5 59. Kg1 Rxe3 60. Rf8 Re2 61. Rf2 Re3 62. Rf8 Rd3 63. Kf2 Rd2+ 64. Ke3 Rxh2 65. Re8+ Kf5 66. Rxe4 Ra2 67. Rh4 Kg5 68. Rh8 Kg4 69. Rg8+ Kh4 70. Kf3 1/2-1/2

[Event "URS-chT"]
[Site "Azov"]
[Date "1991.??.??"]
[Round "?"]
[White "Loginov, Valery A"]
[Black "Kovalev, Andrei"]
[Result "0-1"]
[WhiteElo "2540"]
[BlackElo "2550"]
[PlyCount "102"]
[EventDate "1991.??.??"]
[Source "ChessBase"]

1. Nf3 Nf6 2. g3 g6 3. Bg2 Bg7 4. O-O O-O 5. c4 d6 6. d4 Nc6 7. Nc3 a6 8. d5 Na5 9. Nd2 c5 10. Rb1 Qc7 11. b3 Rb8 12. Bb2 b5 13. Ba1 bxc4 14. bxc4 Rb4 15. a3 Rxb1 16. Qxb1 Bh6 17. f4 Bd7 18. Qc2 Rb8 19. Rb1 Rxb1+ 20. Ncxb1 Bg7 21. Nf1 Bf5 22. e4 Nxe4 23. Bxe4 Bxe4 24. Qxe4 Bxa1 25. Qc2 Qb7 26. Nbd2 e6 27. Qe4 exd5 28. cxd5 Bd4+ 29. Kg2 Qb2 30. Kh3 Qxa3 31. Nf3 Bf6 32. Ne3 Kf8 33. Ng4 Qa1 34. Qe2 h5 35. Nxf6 Qxf6 36. Qxa6 Qf5+ 37. Kg2 Qc2+ 38. Kh3 Nc4 39. Qa8+ Kg7 40. Qa1+ Qb2 41. Qe1 Nb6 42. Qd1 Qa2 43. Ng5 Qxd5 44. Qa1+ Kg8 45. Kh4 Nd7 46. Qa5 Kg7 47. Qc3+ Nf6 48. h3 Qf5 49. Qa1 d5 50. Qa7 Ne4 51. g4 Qf6 0-1